[Event "Pula op 32nd"]
[Site "Pula"]
[Date "2018.06.27"]
[Round "6"]
[White "Jurman, Roberto"]
[Black "Pichler, Michael"]
[Result "1/2-1/2"]
[WhiteElo "2142"]
[BlackElo "2239"]
[PlyCount "76"]
[EventDate "2018.06.23"]
[EventType "swiss"]
[EventRounds "9"]
[EventCountry "CRO"]
[SourceTitle "EXT 2019"]
[Source "ChessBase"]
[SourceDate "2018.10.10"]
[SourceVersion "1"]
[SourceVersionDate "2018.10.10"]
[SourceQuality "1"]

1. c4 c6 2. Nf3 Nf6 3. g3 g6 4. Bg2 Bg7 5. 0-0 0-0 6. Nc3 d5 7. d3 dxc4 8. dxc4 Qxd1 9. Nxd1 Ne4 10. Ne3 Na6 11. Rb1 Rd8 12. Ne1 Nac5 13. Nd3 Nxd3 14. Bxe4 Nxc1 15. Rfxc1 Be6 16. Nf1 Rd4 17. Bd3 f5 18. b3 Bf7 19. f4 e5 20. fxe5 Bxe5 21. Nd2 Bg7 22. Nf3 Rd7 23. Rd1 Kf8 24. Kf2 Rad8 25. Bc2 Rxd1 26. Rxd1 Rxd1 27. Bxd1 Ke7 28. Ne1 Kd6 29. Nd3 Bd4+ 30. e3 Bf6 31. Bf3 b6 32. Ke2 a5 33. Kd2 a4 34. Nb4 axb3 35. axb3 Be8 36. Nd3 Bf7 37. Nb4 Be8 38. Nd3 Bf7 1/2-1/2

[Event "Pula op 32nd"]
[Site "Pula"]
[Date "2018.06.26"]
[Round "5"]
[White "Pichler, Michael"]
[Black "Grundekjon, Christian S"]
[Result "1/2-1/2"]
[WhiteElo "2239"]
[BlackElo "2097"]
[PlyCount "40"]
[EventDate "2018.06.23"]
[EventType "swiss"]
[EventRounds "9"]
[EventCountry "CRO"]
[SourceTitle "EXT 2019"]
[Source "ChessBase"]
[SourceDate "2018.10.10"]
[SourceVersion "1"]
[SourceVersionDate "2018.10.10"]
[SourceQuality "1"]

1. e4 c5 2. c3 d6 3. d4 Nf6 4. Bd3 g6 5. Nf3 cxd4 6. cxd4 Bg7 7. 0-0 0-0 8. h3 Nc6 9. Nc3 e5 10. dxe5 Nxe5 11. Nxe5 dxe5 12. Be3 Nh5 13. Nd5 Nf4 14. Nxf4 exf4 15. Bxf4 Bxb2 16. Rb1 Qf6 17. Qd2 Bc3 18. Qe3 Bd4 19. Qd2 Bc3 20. Qe3 Bd4 1/2-1/2

[Event "AUT-chT2O 1314"]
[Site "Austria"]
[Date "2014.02.22"]
[Round "8.4"]
[White "Heiny, Michael"]
[Black "Pichler, Michael"]
[Result "1/2-1/2"]
[WhiteElo "2084"]
[BlackElo "2243"]
[PlyCount "69"]
[EventDate "2013.10.05"]
[EventType "team-tourn"]
[EventRounds "11"]
[EventCountry "AUT"]
[SourceTitle "EXT 2015"]
[Source "ChessBase"]
[SourceDate "2014.11.20"]
[SourceVersion "1"]
[SourceVersionDate "2014.11.20"]
[SourceQuality "1"]
[WhiteTeam "Purbach"]
[BlackTeam "Eichgraben"]
[WhiteTeamCountry "AUT"]
[BlackTeamCountry "AUT"]

1. d4 e6 2. c4 d5 3. Nc3 Nf6 4. Bg5 Nbd7 5. cxd5 exd5 6. e3 c6 7. Bd3 Be7 8. Qc2 0-0 9. Nge2 Re8 10. 0-0 Nf8 11. Rab1 a5 12. a3 Be6 13. b4 axb4 14. axb4 Rc8 15. Rfc1 Bd6 16. h3 h6 17. Bh4 g5 18. Bg3 Nh5 19. Bxd6 Qxd6 20. b5 c5 21. dxc5 Rxc5 22. Nd4 Rec8 23. Qb2 Qe5 24. Nce2 Nd7 25. Qa3 Qd6 26. Rxc5 Nxc5 27. Nf5 Bxf5 28. Bxf5 Rd8 29. Rd1 Ne6 30. Qxd6 Rxd6 31. Nc3 Nhg7 32. Be4 d4 33. exd4 Nxd4 34. Bxb7 Nxb5 35. Rxd6 1/2-1/2

[Event "AUT-chT2O 1112"]
[Site "Austria"]
[Date "2011.11.05"]
[Round "3.4"]
[White "Kirschner, Alexander"]
[Black "Pichler, Michael"]
[Result "1-0"]
[WhiteElo "2280"]
[BlackElo "2257"]
[PlyCount "99"]
[EventDate "2011.10.15"]
[EventType "team-tourn"]
[EventRounds "11"]
[EventCountry "AUT"]
[SourceTitle "EXT 2013"]
[Source "ChessBase"]
[SourceDate "2012.11.22"]
[SourceVersion "1"]
[SourceVersionDate "2012.11.22"]
[SourceQuality "1"]
[WhiteTeam "Waehring"]
[BlackTeam "Eichgraben"]
[WhiteTeamCountry "AUT"]
[BlackTeamCountry "AUT"]

1. c4 e6 2. e4 d5 3. exd5 exd5 4. cxd5 Nf6 5. Bb5+ Nbd7 6. Nc3 Be7 7. Nf3 0-0 8. 0-0 Nb6 9. d4 Nbxd5 10. Re1 Bg4 11. h3 Bh5 12. g4 Bg6 13. Ne5 c6 14. Bc4 Nb6 15. Bb3 Nfd7 16. f4 Nxe5 17. dxe5 Bc5+ 18. Be3 Qe7 19. f5 Bxf5 20. gxf5 Qg5+ 21. Kf2 Qxf5+ 22. Qf3 Qxe5 23. Bxc5 Qxc5+ 24. Kg2 Nd7 25. Rad1 Nf6 26. Ne4 Nxe4 27. Rxe4 Kh8 28. Rd7 Rad8 29. Rxd8 Rxd8 30. Qe3 Qxe3 31. Rxe3 Rd2+ 32. Kg3 g6 33. Bxf7 Rxb2 34. Bb3 a5 35. Re8+ Kg7 36. Re7+ Kh6 37. h4 Rd2 38. Bg8 Rd3+ 39. Kf2 Kh5 40. Rxh7+ Kg4 41. Be6+ Kf4 42. Rxb7 Rd2+ 43. Ke1 Rh2 44. Ra7 Ke3 45. Kd1 Kd3 46. Rd7+ Kc3 47. Rc7 Kd3 48. Kc1 Rxh4 49. Rxc6 a4 50. Kb2 1-0

[Event "AUT-chT2O 1011"]
[Site "Austria"]
[Date "2011.01.29"]
[Round "8.5"]
[White "Albadri, Abd Al Sattar"]
[Black "Pichler, Michael"]
[Result "0-1"]
[WhiteElo "2226"]
[BlackElo "2253"]
[PlyCount "72"]
[EventDate "2010.10.02"]
[EventType "team-tourn"]
[EventRounds "11"]
[EventCountry "AUT"]
[SourceTitle "EXT 2012"]
[Source "ChessBase"]
[SourceDate "2011.11.24"]
[SourceVersion "1"]
[SourceVersionDate "2011.11.24"]
[SourceQuality "1"]
[WhiteTeam "Wieden"]
[BlackTeam "Eichgraben"]
[WhiteTeamCountry "AUT"]
[BlackTeamCountry "AUT"]

1. d4 e6 2. Nf3 Nf6 3. c4 d5 4. Nc3 c6 5. Bg5 Nbd7 6. e3 Qa5 7. cxd5 Nxd5 8. Qd2 N7b6 9. Rc1 h6 10. Bh4 Nxc3 11. bxc3 Nd5 12. Bc4 Ba3 13. Rb1 b5 14. Bxd5 cxd5 15. Rb3 Bd6 16. 0-0 0-0 17. Rfb1 Bd7 18. Bg3 Be7 19. Ne5 Be8 20. Qe2 Rc8 21. Rc1 a6 22. f3 f6 23. Nd3 Bg6 24. Nf4 Bf7 25. e4 Rfe8 26. Be1 Qc7 27. Bd2 Bd6 28. g3 dxe4 29. fxe4 e5 30. dxe5 Bxe5 31. Rb2 Qc4 32. Qg4 Bxf4 33. Bxf4 Qxe4 34. Rb4 Rc4 35. Rxc4 Bxc4 36. Qd1 Bd5 0-1

[Event "AUT-chT2O 1011"]
[Site "Austria"]
[Date "2010.10.31"]
[Round "4.5"]
[White "Pichler, Michael"]
[Black "Schwaninger, Wolfgang"]
[Result "1-0"]
[WhiteElo "2253"]
[BlackElo "2146"]
[PlyCount "83"]
[EventDate "2010.10.02"]
[EventType "team-tourn"]
[EventRounds "11"]
[EventCountry "AUT"]
[SourceTitle "EXT 2011"]
[Source "ChessBase"]
[SourceDate "2010.11.26"]
[SourceVersion "1"]
[SourceVersionDate "2010.11.26"]
[SourceQuality "1"]
[WhiteTeam "Eichgraben"]
[BlackTeam "Tschaturanga"]
[WhiteTeamCountry "AUT"]
[BlackTeamCountry "AUT"]

1. e4 d6 2. d4 g6 3. Nf3 Bg7 4. Nc3 c6 5. Be3 Nf6 6. h3 0-0 7. Qd2 e6 8. Bd3 Nbd7 9. 0-0 a6 10. Bh6 e5 11. Bxg7 Kxg7 12. Ne2 Nh5 13. Rad1 b5 14. c4 c5 15. dxe5 Nxe5 16. Nxe5 dxe5 17. Qc3 Qf6 18. cxb5 axb5 19. Bxb5 Rxa2 20. Bc4 Ra4 21. b3 Rb4 22. Rd5 Re8 23. Rxc5 Rb6 24. Ra1 Be6 25. Bxe6 Qxe6 26. b4 Re7 27. Raa5 f6 28. b5 Qd7 29. Rd5 Qb7 30. Qd3 Qc8 31. Ra6 Rxa6 32. bxa6 Nf4 33. Nxf4 Qc1+ 34. Qd1 Qxf4 35. Rd7 Rxd7 36. Qxd7+ Kh6 37. g3 Qxe4 38. Qb7 Qe1+ 39. Kg2 e4 40. a7 Qe2 41. a8Q Qf3+ 42. Kg1 1-0

[Event "AUT-chT2O 0910"]
[Site "Austria"]
[Date "2009.11.15"]
[Round "4.6"]
[White "Pichler, Michael"]
[Black "Wutzlhofer, Robert"]
[Result "1-0"]
[WhiteElo "2154"]
[BlackElo "2060"]
[PlyCount "53"]
[EventDate "2009.10.17"]
[EventType "team-tourn"]
[EventRounds "11"]
[EventCountry "AUT"]
[SourceTitle "EXT 2010"]
[Source "ChessBase"]
[SourceDate "2010.11.25"]
[SourceVersion "1"]
[SourceVersionDate "2010.11.25"]
[SourceQuality "1"]
[WhiteTeam "Eichgraben"]
[BlackTeam "Mattersburg"]
[WhiteTeamCountry "AUT"]
[BlackTeamCountry "AUT"]

1. e4 c5 2. c3 d5 3. exd5 Qxd5 4. d4 Nf6 5. Nf3 Bg4 6. dxc5 Qxd1+ 7. Kxd1 e5 8. b4 e4 9. h3 Bh5 10. g4 Nxg4 11. hxg4 Bxg4 12. Nbd2 exf3 13. Bd3 Bd7 14. Kc2 Nc6 15. Re1+ Kd8 16. Nxf3 f6 17. Bf4 g5 18. Bh2 g4 19. Nd2 f5 20. Nc4 Be7 21. b5 Nb8 22. Na5 Re8 23. Nxb7+ Kc8 24. c6 Nxc6 25. bxc6 Bxc6 26. Nd6+ Kd7 27. Bxf5+ 1-0

[Event "AUT-chT2O 0910"]
[Site "Austria"]
[Date "2009.11.14"]
[Round "3.6"]
[White "Posch, Roland"]
[Black "Pichler, Michael"]
[Result "1/2-1/2"]
[WhiteElo "2061"]
[BlackElo "2154"]
[PlyCount "160"]
[EventDate "2009.10.17"]
[EventType "team-tourn"]
[EventRounds "11"]
[EventCountry "AUT"]
[SourceTitle "EXT 2010"]
[Source "ChessBase"]
[SourceDate "2010.11.25"]
[SourceVersion "1"]
[SourceVersionDate "2010.11.25"]
[SourceQuality "1"]
[WhiteTeam "Poechlarn"]
[BlackTeam "Eichgraben"]
[WhiteTeamCountry "AUT"]
[BlackTeamCountry "AUT"]

1. e4 e6 2. d3 d5 3. Nd2 Ne7 4. Ngf3 c5 5. g3 Nbc6 6. Bg2 g6 7. 0-0 Bg7 8. exd5 exd5 9. Nb3 Qb6 10. Be3 Nd4 11. Nfxd4 cxd4 12. Bg5 Be6 13. Re1 Rd8 14. Qe2 h6 15. Bd2 Rd7 16. Ba5 Qd6 17. a3 Nc6 18. Bh3 Re7 19. Bxe6 fxe6 20. Qg4 Kf7 21. Qf3+ Kg8 22. Bb4 Nxb4 23. axb4 Qxb4 24. Qg4 Kf7 25. Re3 Qb6 26. Rf3+ Bf6 27. Qxd4 Qxd4 28. Nxd4 Kg7 29. Nb3 Bxb2 30. Rxa7 Rc8 31. c4 dxc4 32. dxc4 Rxc4 33. Na5 Rcc7 34. Rb3 Bc3 35. Rb5 Bxa5 36. Raxa5 Kf6 37. Ra2 Red7 38. Rab2 Ke7 39. Kg2 Kd8 40. h4 Kc8 41. h5 g5 42. Kh3 Rd4 43. Rb6 g4+ 44. Kg2 Re4 45. f3 gxf3+ 46. Kxf3 Re5 47. Kf4 Re1 48. Ra2 Rf7+ 49. Kg4 Re4+ 50. Kh3 Rf5 51. Rab2 Rxh5+ 52. Kg2 Rhe5 53. Rxb7 Re2+ 54. Kf3 Rxb2 55. Rxb2 h5 56. Kf4 Rf5+ 57. Ke4 Kc7 58. Rd2 Kc6 59. Rd8 Rd5 60. Rg8 Kd7 61. g4 hxg4 62. Rxg4 Ra5 63. Ke3 Ra3+ 64. Ke2 Kd6 65. Rd4+ Ke5 66. Rh4 Ra2+ 67. Ke1 Kd5 68. Rh3 e5 69. Rg3 Kd4 70. Rh3 Ke4 71. Rb3 Kf4 72. Rc3 Ra8 73. Ke2 Ra2+ 74. Ke1 Rh2 75. Rb3 e4 76. Ra3 Rb2 77. Rc3 Rb5 78. Ra3 Rf5 79. Rb3 e3 80. Ke2 Re5 1/2-1/2

[Event "Vienna op 16th"]
[Site "Vienna"]
[Date "2009.08.19"]
[Round "5"]
[White "Kaufeld, Juergen"]
[Black "Pichler, Michael"]
[Result "1/2-1/2"]
[WhiteElo "2274"]
[BlackElo "2156"]
[PlyCount "61"]
[EventDate "2009.08.15"]
[EventType "swiss"]
[EventRounds "9"]
[EventCountry "AUT"]
[SourceTitle "CBM 131 Extra"]
[Source "ChessBase"]
[SourceDate "2009.09.03"]
[SourceVersion "2"]
[SourceVersionDate "2009.09.16"]
[SourceQuality "1"]

1. Nf3 Nf6 2. d4 e6 3. c4 d5 4. g3 Be7 5. Bg2 0-0 6. 0-0 dxc4 7. Qc2 a6 8. a4 Bd7 9. Rd1 Bc6 10. Nc3 Bxf3 11. Bxf3 Nc6 12. Bxc6 bxc6 13. a5 Qb8 14. Ra4 Qb3 15. Qxb3 cxb3 16. Rc4 Rfb8 17. Bf4 Nd5 18. Rxc6 Nxf4 19. gxf4 Bb4 20. Ra1 Ra7 21. f5 Bxc3 22. Rxc3 exf5 23. Ra3 Rab7 24. Rc6 Ra7 25. Rc3 Rab7 26. Rc6 Ra7 27. Kf1 Kf8 28. Rc3 Rab7 29. Rc6 Ra7 30. Rc3 Rab7 31. Rc6 1/2-1/2

[Event "AUT-chT2O 0809"]
[Site "Austria"]
[Date "2009.02.28"]
[Round "8.6"]
[White "Lipp, Alfred"]
[Black "Pichler, Michael"]
[Result "1/2-1/2"]
[WhiteElo "2112"]
[BlackElo "2166"]
[PlyCount "81"]
[EventDate "2008.10.03"]
[EventType "team-tourn"]
[EventRounds "11"]
[EventCountry "AUT"]
[SourceTitle "EXT 2010"]
[Source "ChessBase"]
[SourceDate "2010.11.25"]
[SourceVersion "1"]
[SourceVersionDate "2010.11.25"]
[SourceQuality "1"]
[WhiteTeam "Zwettl"]
[BlackTeam "Eichgraben"]
[WhiteTeamCountry "AUT"]
[BlackTeamCountry "AUT"]

1. c4 e6 2. d4 d5 3. Nc3 Nf6 4. Bg5 Nbd7 5. e3 c6 6. Nf3 Qa5 7. Nd2 dxc4 8. Bxf6 Nxf6 9. Nxc4 Qc7 10. Rc1 Be7 11. Bd3 0-0 12. 0-0 Rd8 13. Qf3 c5 14. Rfd1 Bd7 15. Ne5 cxd4 16. exd4 Rac8 17. Nd5 Qxc1 18. Nxe7+ Kf8 19. Nxc8 Qxc8 20. Bxh7 Bc6 21. Nxc6 Qxc6 22. Qxc6 bxc6 23. Bc2 Rb8 24. Bb3 Ke7 25. Rc1 Kd6 26. f3 Nd7 27. Kf2 c5 28. Rc4 e5 29. dxc5+ Nxc5 30. Rc3 f5 31. Kg3 a5 32. h4 a4 33. Bf7 Rxb2 34. Ra3 f4+ 35. Kh3 Ke7 36. Bg6 Re2 37. Rc3 Kd6 38. Bf7 Rd2 39. Bc4 Kc6 40. h5 Kd6 41. Ra3 1/2-1/2

[Event "AUT-chT2O 0809"]
[Site "Austria"]
[Date "2008.11.23"]
[Round "5.6"]
[White "Pichler, Michael"]
[Black "Kuthan, Andreas"]
[Result "1/2-1/2"]
[WhiteElo "2166"]
[BlackElo "2201"]
[PlyCount "31"]
[EventDate "2008.10.03"]
[EventType "team-tourn"]
[EventRounds "11"]
[EventCountry "AUT"]
[SourceTitle "CBM 127 Extra"]
[Source "ChessBase"]
[SourceDate "2009.01.08"]
[SourceVersion "2"]
[SourceVersionDate "2009.01.28"]
[SourceQuality "1"]
[WhiteTeam "Eichgraben"]
[BlackTeam "Pamhagen II"]
[WhiteTeamCountry "AUT"]
[BlackTeamCountry "AUT"]

1. e4 e6 2. d4 d5 3. e5 c5 4. c3 Nc6 5. Nf3 Qb6 6. a3 Nh6 7. b4 cxd4 8. cxd4 Nf5 9. Bb2 Bd7 10. g4 Nfe7 11. Nc3 Ng6 12. Rc1 Be7 13. Na4 Qd8 14. Nc5 Bxc5 15. dxc5 0-0 16. Qd2 1/2-1/2

[Event "AUT-chT2O 0809"]
[Site "Austria"]
[Date "2008.10.05"]
[Round "3.4"]
[White "Pichler, Michael"]
[Black "Sadilek, Maximilian"]
[Result "0-1"]
[WhiteElo "2166"]
[BlackElo "2164"]
[PlyCount "76"]
[EventDate "2008.10.03"]
[EventType "team-tourn"]
[EventRounds "11"]
[EventCountry "AUT"]
[SourceTitle "EXT 2009"]
[Source "ChessBase"]
[SourceDate "2008.11.26"]
[SourceVersion "1"]
[SourceVersionDate "2008.11.26"]
[SourceQuality "1"]
[WhiteTeam "Eichgraben"]
[BlackTeam "Stockerau"]
[WhiteTeamCountry "AUT"]
[BlackTeamCountry "AUT"]

1. e4 c5 2. c3 e5 3. Nf3 Nc6 4. Bc4 Nf6 5. 0-0 Nxe4 6. Re1 d5 7. Bb5 Bd6 8. d3 Nf6 9. Nxe5 0-0 10. Bxc6 bxc6 11. Bg5 Qc7 12. Bxf6 gxf6 13. Nf3 Kh8 14. Qa4 c4 15. dxc4 Rg8 16. Kh1 Bd7 17. cxd5 Rg4 18. Qa6 Rag8 19. g3 cxd5 20. Nbd2 R8g6 21. Qd3 Kg7 22. Nd4 R4g5 23. N2f3 Rh5 24. Nh4 Rxh4 25. gxh4 Bxh2 26. Rg1 Bxg1 27. Rxg1 Qf4 28. Rxg6+ hxg6 29. b4 Qxf2 30. Qf3 Qxh4+ 31. Kg2 Qg5+ 32. Kf2 Qd2+ 33. Kg3 Qxa2 34. Qe3 Qc4 35. Kf2 a6 36. Ke1 Qc7 37. Kd2 Qe5 38. Qd3 Qf4+ 0-1

[Event "AUT-chT2O 0708"]
[Site "Austria"]
[Date "2008.03.15"]
[Round "10.3"]
[White "Pichler, Michael"]
[Black "Wirius, Stefan"]
[Result "1/2-1/2"]
[WhiteElo "2170"]
[BlackElo "2281"]
[PlyCount "71"]
[EventDate "2007.10.20"]
[EventType "team"]
[EventRounds "11"]
[EventCountry "AUT"]
[SourceTitle "EXT 2009"]
[Source "ChessBase"]
[SourceDate "2008.11.26"]
[SourceVersion "1"]
[SourceVersionDate "2008.11.26"]
[SourceQuality "1"]
[WhiteTeam "Eichgraben"]
[BlackTeam "Wieden"]
[WhiteTeamCountry "AUT"]
[BlackTeamCountry "AUT"]

1. e4 c5 2. c3 d5 3. exd5 Qxd5 4. d4 Nc6 5. Nf3 Nf6 6. dxc5 Qxc5 7. Na3 Ng4 8. Qe2 Bf5 9. h3 Nf6 10. Be3 Qa5 11. Nc4 Qc7 12. Rd1 e6 13. g3 Rd8 14. Bf4 Rxd1+ 15. Qxd1 Qd7 16. Qxd7+ Kxd7 17. Nfe5+ Nxe5 18. Nxe5+ Ke7 19. g4 Be4 20. f3 Bb1 21. Bc4 Nd7 22. Ke2 Nxe5 23. Bxe5 Bc2 24. b3 f6 25. Bb8 a6 26. Kd2 Bg6 27. Re1 Bf7 28. f4 h5 29. g5 fxg5 30. fxg5 Kd7 31. g6 Bxg6 32. Bxe6+ Kd8 33. Be5 h4 34. Rg1 Rh5 35. Bd4 Bf5 36. Bxf5 1/2-1/2

[Event "AUT-chT2O 0708"]
[Site "Austria"]
[Date "2008.01.27"]
[Round "7.5"]
[White "Pichler, Michael"]
[Black "Filip, Daniel"]
[Result "1/2-1/2"]
[WhiteElo "2170"]
[BlackElo "2114"]
[PlyCount "38"]
[EventDate "2007.10.20"]
[EventType "team"]
[EventRounds "11"]
[EventCountry "AUT"]
[SourceTitle "EXT 2009"]
[Source "ChessBase"]
[SourceDate "2008.11.26"]
[SourceVersion "1"]
[SourceVersionDate "2008.11.26"]
[SourceQuality "1"]
[WhiteTeam "Eichgraben"]
[BlackTeam "Baden"]
[WhiteTeamCountry "AUT"]
[BlackTeamCountry "AUT"]

1. e4 e6 2. d4 d5 3. e5 c5 4. c3 Nc6 5. Nf3 Qb6 6. a3 c4 7. Nbd2 Na5 8. g3 Bd7 9. Bh3 Ne7 10. 0-0 h6 11. Ne1 Nf5 12. Ng2 Be7 13. Nf4 g5 14. Nh5 0-0-0 15. Re1 Kb8 16. Bg4 Rhg8 17. Nf3 Nb3 18. Rb1 Rg6 19. Qe2 Rdg8 1/2-1/2

[Event "AUT-chT2O 0708"]
[Site "Austria"]
[Date "2007.12.02"]
[Round "5.5"]
[White "Todor, Razvan"]
[Black "Pichler, Michael"]
[Result "1/2-1/2"]
[WhiteElo "2198"]
[BlackElo "2170"]
[PlyCount "37"]
[EventDate "2007.10.20"]
[EventType "team"]
[EventRounds "11"]
[EventCountry "AUT"]
[SourceTitle "CBM 121 Extra"]
[Source "ChessBase"]
[SourceDate "2008.01.10"]
[SourceVersion "1"]
[SourceVersionDate "2008.01.10"]
[SourceQuality "1"]
[WhiteTeam "Wiener Neustadt"]
[BlackTeam "Eichgraben"]
[WhiteTeamCountry "AUT"]
[BlackTeamCountry "AUT"]

1. e4 e6 2. d4 d5 3. Nd2 Nc6 4. Ngf3 Nf6 5. e5 Nd7 6. Bb5 a6 7. Be2 f6 8. exf6 Qxf6 9. Nf1 Bd6 10. Bg5 Qf7 11. Bh4 h6 12. Bg3 e5 13. dxe5 Ncxe5 14. Qd4 c5 15. Qe3 d4 16. Qe4 Nf6 17. Nxe5 Nxe4 18. Nxf7 Kxf7 19. Bxd6 1/2-1/2

[Event "AUT-chT2O 0607"]
[Site "Austria"]
[Date "2007.04.15"]
[Round "11.4"]
[White "Vitouch, Anatol"]
[Black "Pichler, Michael"]
[Result "1-0"]
[WhiteElo "2208"]
[BlackElo "2192"]
[PlyCount "67"]
[EventDate "2006.10.06"]
[EventType "team-tourn"]
[EventRounds "11"]
[EventCountry "AUT"]
[SourceTitle "EXT 2007"]
[Source "ChessBase"]
[SourceDate "2006.11.23"]
[SourceVersion "1"]
[SourceVersionDate "2006.11.23"]
[SourceQuality "1"]
[WhiteTeam "Wieden Aljechin"]
[BlackTeam "Eichgraben/Pressbaum"]
[WhiteTeamCountry "AUT"]
[BlackTeamCountry "AUT"]

1. Nf3 d5 2. c4 e6 3. b3 d4 4. e3 Nc6 5. exd4 Nxd4 6. Bb2 Bc5 7. g3 Qf6 8. Nxd4 Bxd4 9. Bxd4 Qxd4 10. Nc3 Bd7 11. Bg2 0-0-0 12. 0-0 Nf6 13. Qc2 Be8 14. Rfd1 Ng4 15. d3 Nxf2 16. Qxf2 Qxc3 17. d4 Kb8 18. Rac1 Qa5 19. c5 c6 20. b4 Qc7 21. a4 a6 22. Rb1 Kc8 23. Rdc1 Kd7 24. b5 axb5 25. axb5 Ke7 26. Re1 Qd7 27. bxc6 bxc6 28. Red1 Rc8 29. Rb6 h5 30. Rdb1 Rc7 31. Qf4 Kf8 32. Qd6+ Qxd6 33. cxd6 Rc8 34. Rb8 1-0